Billboard Top 100 2023 - Statistics

General Stats
  • This quiz has been taken 94 times
  • The average score is 28 of 100
Answer Stats
Number Artist Song % Correct
2 Miley Cyrus Flowers
95%
3 SZA Kill Bill
85%
11 Sam Smith and Kim Petras Unholy
73%
4 Taylor Swift Anti-Hero
68%
15 Harry Styles As It Was
66%
6 Rema and Selena Gomez Calm Down
62%
18 Taylor Swift Cruel Summer
62%
7 The Weeknd and Ariana Grande Die for You
62%
27 Taylor Swift feat. Ice Spice Karma
62%
30 Olivia Rodrigo Vampire
62%
55 Mariah Carey All I Want for Christmas Is You
59%
20 PinkPantheress and Ice Spice Boy's a Liar Pt. 2
58%
1 Morgan Wallen Last Night
58%
52 Doja Cat Paint the Town Red
58%
10 David Guetta and Bebe Rexha I'm Good (Blue)
55%
9 SZA Snooze
55%
46 Nicki Minaj and Ice Spice with Aqua Barbie World
54%
39 Steve Lacy Bad Habit
51%
35 Dua Lipa Dance the Night
49%
32 Taylor Swift Lavender Haze
49%
5 Metro Boomin, The Weeknd, and 21 Savage Creepin'
47%
84 Wham! Last Christmas
46%
8 Luke Combs Fast Car
45%
82 Jungkook feat. Latto Seven
43%
53 Meghan Trainor Made You Look
42%
33 Coi Leray Players
41%
60 Brenda Lee Rockin' Around the Christmas Tree
41%
44 Fifty Fifty Cupid
38%
48 Raye feat. 070 Shake Escapism
38%
41 Jvke Golden Hour
38%
81 Billie Eilish What Was I Made For?
38%
29 Beyoncé Cuff It
36%
62 David Kushner Daylight
31%
75 Post Malone feat. Doja Cat I Like You (A Happier Song)
31%
69 Ice Spice and Nicki Minaj Princess Diana
31%
50 Stephen Sanchez Until I Found You
28%
71 Burl Ives A Holly Jolly Christmas
27%
64 Ed Sheeran Eyes Closed
27%
63 Rihanna Lift Me Up
27%
25 Lil Durk feat. J. Cole All My Life
26%
74 Zach Bryan feat. Kacey Musgraves I Remember Everything
26%
79 Nicki Minaj Super Freaky Girl
26%
65 Karol G and Shakira TQG
26%
57 Post Malone Chemical
24%
68 Bobby Helms Jingle Bell Rock
24%
24 Miguel Sure Thing
24%
66 Jason Aldean Try That in a Small Town
24%
17 Chris Brown Under the Influence
23%
80 Noah Kahan and Post Malone Dial Drunk
22%
31 Gunna FukUMean
22%
28 Lil Uzi Vert Just Wanna Rock
22%
99 Lady Gaga Bloody Mary
20%
77 SZA Nobody Gets Me
20%
21 Toosii Favorite Song
19%
78 Oliver Anthony Music Rich Men North of Richmond
19%
51 SZA Shirt
19%
13 Zach Bryan Something in the Orange
19%
83 Future feat. Drake and Tems Wait for U
19%
26 Eslabon Armado and Peso Pluma Ella Baila Sola
18%
14 Drake and 21 Savage Rich Flex
18%
19 Morgan Wallen Thinkin' Bout Me
18%
76 Doechii feat. Kodak Black What Is (Block Boy)
18%
96 Bizarrap and Shakira Bzrp Music Sessions, Vol. 53
16%
34 Jelly Roll Need a Favor
15%
37 Morgan Wallen One Thing at a Time
15%
38 Metro Boomin, Future, and Chris Brown Superhero (Heroes & Villains)
15%
23 Kane Brown and Katelyn Brown Thank God
15%
12 Morgan Wallen You Proof
15%
58 Lainey Wilson Heart Like a Truck
14%
40 Yng Lvcas and Peso Pluma La Bebé
14%
16 Bailey Zimmerman Rock and a Hard Place
14%
88 Kaliii Area Codes
11%
47 Jordan Davis Next Thing You Know
11%
94 Young Nudy feat. 21 Savage Peaches & Eggplants
11%
45 Drake Search & Rescue
11%
22 Morgan Wallen Thought You Should Know
11%
49 Grupo Frontera and Bad Bunny Un x100to
11%
54 Hardy feat. Lainey Wilson Wait in the Truck
11%
72 Bad Bunny Where She Goes
11%
61 Tyler Hubbard Dancin' in the Country
9%
59 Luke Combs Going, Going, Gone
9%
97 Travis Scott feat. Drake Meltdown
9%
98 Latto feat. Cardi B Put It on da Floor Again
9%
42 Bailey Zimmerman Religiously
9%
67 Megan Moroney Tennessee Orange
9%
70 GloRilla and Cardi B Tomorrow 2
9%
92 Morgan Wallen Ain't That Some
8%
36 Luke Combs Love You Anyway
8%
87 Old Dominion Memory Lane
8%
43 Drake and 21 Savage Spin Bout U
8%
100 Lainey Wilson Watermelon Moonshine
8%
73 Fuerza Regida and Grupo Frontera Bebe Dame
7%
89 Kane Brown Bury Me in Georgia
7%
56 Morgan Wallen Everything I Love
7%
85 Parker McCollum Handle on You
7%
95 Morgan Wallen I Wrote the Book
7%
86 Peso Pluma Por Las Noches
7%
90 Peso Pluma and Natanael Cano PRC
7%
91 Jordan Davis What My World Spins Around
7%
93 Corey Kent Wild as Her
7%
No matching quizzes found
Score Distribution
Percent of People with Each Score
Percentile by Number Answered
Your Score History
You have not taken this quiz